[Event "Egypt Open 2016"]
[Site "Eastern Company Club"]
[Date "2016.04.25"]
[Round "5"]
[Board "37"]
[White "Lotfy, Abdel Rahman"]
[Black "Abdo, Hany Elsayed"]
[Result "1/2-1/2"]
[WhiteElo "2156"]
[BlackElo "1957"]
[PlyCount "86"]
[EventDate "2016.04.22"]
[EventRounds "9"]
[EventCountry "EGY"]

1. d4 Nf6 2. c4 e6 3. Nf3 b6 4. a3 Bb7 5. Nc3 g6 6. g3 Bg7 7. Bg2 O-O 8. O-O d6
9. Qc2 Nbd7 10. e4 e5 11. d5 a5 12. h3 Ba6 13. b3 Nh5 14. Bd2 Qe7 15. Nb5 Rfc8
16. a4 Nc5 17. Nc3 Rf8 18. Kh2 Rae8 19. Ne1 Bc8 20. Nd3 f5 21. Nxc5 dxc5 22.
exf5 gxf5 23. Rae1 Qd8 24. Qd1 Nf6 25. Qc1 Rf7 26. Bg5 Kh8 27. Nb5 h6 28. Bh4
f4 29. Qd1 Bf8 30. Nc3 Qd7 31. Bxf6+ Rxf6 32. Qh5 Rf5 33. Qe2 Qf7 34. Bf3 Bd6
35. Ne4 h5 36. h4 Rg8 37. Kg2 Be7 38. Rh1 fxg3 39. fxg3 Rf8 40. Rhf1 Qg6 41.
Qe3 Kg7 42. Rf2 Rf4 43. Ng5 R4f5 1/2-1/2

[Event "Egypt Open 2016"]
[Site "Eastern Company Club"]
[Date "2016.04.25"]
[Round "5"]
[Board "39"]
[White "Roshdy, Mahmoud"]
[Black "Talaat, Moustafa Mohamed"]
[Result "1-0"]
[WhiteElo "2139"]
[BlackElo "1949"]
[PlyCount "114"]
[EventDate "2016.04.22"]
[EventRounds "9"]
[EventCountry "EGY"]

1. e4 Nf6 2. Nc3 d5 3. exd5 Nxd5 4. Bc4 Nb6 5. Bb3 e6 6. Nf3 Be7 7. O-O O-O 8.
d4 c5 9. Qe2 cxd4 10. Rd1 Nc6 11. Nb5 a6 12. Nfxd4 Nxd4 13. Nxd4 Qc7 14. Qe4
Bf6 15. c3 Qe5 16. Qg4 Rd8 17. Bh6 Kh8 18. Nf3 Qc7 19. Rxd8+ Qxd8 20. Rd1 Qc7
21. Bg5 e5 22. Bxf6 gxf6 23. Qh4 Bf5 24. Qh6 Rg8 25. Qe3 Nd7 26. Nh4 Bg4 27. f3
Be6 28. Bc2 Qc5 29. Kf2 Qxe3+ 30. Kxe3 Nb6 31. Bb3 Rc8 32. g4 a5 33. Rd6 Rc6
34. Rxc6 bxc6 35. Kd3 Kg7 36. Ng2 Kf8 37. Ne3 Ke7 38. Bxe6 fxe6 39. h4 h6 40.
Nc4 Na4 41. Nxa5 Nc5+ 42. Kc2 Na4 43. Nxc6+ Kd6 44. Nb4 Kc5 45. Kb3 Nb6 46.
Nd3+ Kd5 47. a4 e4 48. fxe4+ Kxe4 49. a5 Nd7 50. Kc4 Nb8 51. Nc5+ Kf4 52. g5
fxg5 53. hxg5 hxg5 54. Nxe6+ Kf5 55. Nd4+ Ke4 56. Ne2 g4 57. Ng3+ Kf3 1-0

[Event "Egypt Open 2016"]
[Site "Eastern Company Club"]
[Date "2016.04.25"]
[Round "5"]
[Board "40"]
[White "Ismail, Reda"]
[Black "Fawzy, Abdel Kareim"]
[Result "1-0"]
[WhiteElo "2129"]
[BlackElo "1926"]
[PlyCount "45"]
[EventDate "2016.04.22"]
[EventRounds "9"]
[EventCountry "EGY"]

1. e4 c6 2. Nc3 d5 3. Nf3 dxe4 4. Nxe4 Bf5 5. Ng3 Bg6 6. h4 h6 7. Ne5 Bh7 8.
Qh5 g6 9. Bc4 e6 10. Qe2 Qe7 11. d4 Nd7 12. Bf4 Bg7 13. O-O-O Ngf6 14. Rhe1 Nb6
15. Bb3 Nfd5 16. Bd2 a5 17. a3 a4 18. Ba2 g5 19. Nh5 Rg8 20. c4 Nc7 21. Bb4 Qd8
22. Qf3 Bxe5 23. dxe5 1-0

[Event "Egypt Open 2016"]
[Site "Eastern Company Club"]
[Date "2016.04.25"]
[Round "5"]
[Board "41"]
[White "M.Amer, Hossam"]
[Black "Elbadawy, Ahmed"]
[Result "1-0"]
[WhiteElo "2125"]
[BlackElo "1925"]
[PlyCount "109"]
[EventDate "2016.04.22"]
[EventRounds "9"]
[EventCountry "EGY"]

1. d4 d5 2. c4 e6 3. Nc3 Nf6 4. Nf3 Nc6 5. Bg5 Be7 6. e3 h6 7. Bh4 O-O 8. Bd3
a6 9. Rc1 Nb4 10. c5 Nxd3+ 11. Qxd3 Bd7 12. b4 Be8 13. Ne5 Nd7 14. Bxe7 Qxe7
15. Nxd7 Bxd7 16. O-O f5 17. f4 b5 18. Nb1 c6 19. Nd2 g5 20. Nf3 g4 21. Ne5 Be8
22. a4 Kg7 23. Ra1 Qb7 24. axb5 axb5 25. Rxa8 Qxa8 26. Qc3 Qb7 27. Ra1 Bd7 28.
Ra5 Rb8 29. Qa3 Qc7 30. Ra7 Rb7 31. Ra8 Bc8 32. Kf2 Bd7 33. Kg3 Bc8 34. Qa5
Qxa5 35. Rxa5 Rc7 36. Ra8 Kf6 37. Kh4 Kg7 38. Kh5 Kh7 39. Rb8 Kg7 40. Ra8 Kh7
41. h3 gxh3 42. gxh3 Kg7 43. Ra2 Bd7 44. Nxd7 Rxd7 45. Ra6 Rc7 46. Ra8 Re7 47.
Rc8 Ra7 48. Rxc6 Kf6 49. Rb6 Ra3 50. Rxb5 Rxe3 51. h4 Re4 52. c6 Ke7 53. Rc5
Kd8 54. b5 Rxf4 55. b6 1-0

[Event "Egypt Open 2016"]
[Site "Eastern Company Club"]
[Date "2016.04.25"]
[Round "5"]
[Board "43"]
[White "Aly, Kareim Mohamed"]
[Black "Raslan, Moustafa"]
[Result "0-1"]
[WhiteElo "1778"]
[BlackElo "2112"]
[PlyCount "55"]
[EventDate "2016.04.22"]
[EventRounds "9"]
[EventCountry "EGY"]

1. d4 d5 2. Nf3 e6 3. e3 Bd6 4. Bd3 f5 5. c4 c6 6. Nc3 Nf6 7. O-O O-O 8. b3 Ne4
9. Bb2 Nd7 10. Ne2 Qf6 11. Qc2 g5 12. Nd2 Qh6 13. f4 Ndf6 14. Bxe4 fxe4 15. g3
Ng4 16. Rf2 Nxf2 17. Kxf2 Qxh2+ 18. Ke1 gxf4 19. Nf1 Qg2 20. Qd2 Qxf1+ 21. Kxf1
fxe3+ 22. Ke1 exd2+ 23. Kxd2 Bd7 24. c5 Bc7 25. Rg1 b5 26. b4 Rf5 27. Ke1 Kh8
28. Rf1 0-1

[Event "Egypt Open 2016"]
[Site "Eastern Company Club"]
[Date "2016.04.25"]
[Round "5"]
[Board "44"]
[White "Elnemr, Mohamed"]
[Black "Elazzawy, Walid"]
[Result "0-1"]
[WhiteElo "2107"]
[BlackElo "1918"]
[PlyCount "88"]
[EventDate "2016.04.22"]
[EventRounds "9"]
[EventCountry "EGY"]

1. d4 d5 2. c4 e6 3. Nc3 Be7 4. Bf4 Nf6 5. e3 O-O 6. c5 c6 7. Bd3 Nbd7 8. Nf3
b6 9. b4 a5 10. b5 bxc5 11. bxc6 Nb6 12. Nb5 c4 13. Bc2 Ba6 14. a4 Bb4+ 15. Kf1
Rc8 16. Ne5 Qe7 17. Qf3 Ne4 18. Bxe4 dxe4 19. Qxe4 Nxa4 20. Rxa4 Bxb5 21. Ra1
f6 22. Nf3 c3+ 23. Kg1 Rxc6 24. h4 c2 25. Kh2 Rfc8 26. Rhc1 Rc3 27. d5 Bd3 28.
Qxe6+ Qxe6 29. dxe6 Ra3 30. e4 Rxa1 31. Rxa1 Bc3 32. Ra3 Bxe4 33. Bc1 Kf8 34.
Rb3 Bxf3 35. gxf3 Bb4 36. Rd3 Rc7 37. f4 f5 38. h5 Ke7 39. Re3 a4 40. Re5 a3
41. Rxf5 a2 42. Rf7+ Kd6 43. f5 Rxf7 44. exf7 Ke7 0-1

[Event "Egypt Open 2016"]
[Site "Eastern Company Club"]
[Date "2016.04.25"]
[Round "5"]
[Board "45"]
[White "Ahmed, Moustafa Elsayed"]
[Black "Abel Naby, Ahmed"]
[Result "1-0"]
[WhiteElo "2097"]
[BlackElo "1899"]
[PlyCount "70"]
[EventDate "2016.04.22"]
[EventRounds "9"]
[EventCountry "EGY"]

1. d4 d5 2. c4 c6 3. Nc3 Nf6 4. Nf3 e6 5. Bg5 Be7 6. e3 Nbd7 7. Bd3 h6 8. Bh4
dxc4 9. Bxc4 Nd5 10. Bg3 Qa5 11. Qb3 N7b6 12. Bd3 Bb4 13. O-O Bxc3 14. bxc3
Qxc3 15. e4 Qxb3 16. axb3 Nf6 17. Bd6 Bd7 18. Ne5 Nc8 19. Bb4 g5 20. f4 g4 21.
Rae1 a5 22. Ba3 Rh7 23. Nc4 b5 24. Nd6+ Nxd6 25. Bxd6 Ng8 26. f5 Kd8 27. fxe6
Bxe6 28. d5 Bd7 29. e5 Rg7 30. e6 fxe6 31. Rf8+ Be8 32. dxc6 Ne7 33. Bxb5 Nd5
34. Rxe6 Nc7 35. Rfxe8+ Nxe8 1-0

[Event "Egypt Open 2016"]
[Site "Eastern Company Club"]
[Date "2016.04.25"]
[Round "5"]
[Board "46"]
[White "Ateya, Mamdouh"]
[Black "Magdy, Morad"]
[Result "0-1"]
[WhiteElo "1585"]
[BlackElo "2083"]
[PlyCount "90"]
[EventDate "2016.04.22"]
[EventRounds "9"]
[EventCountry "EGY"]

1. e4 c5 2. c4 Nc6 3. Nc3 g6 4. d3 Bg7 5. Nge2 e6 6. h3 Nge7 7. g3 d5 8. cxd5
exd5 9. exd5 Nxd5 10. Bg2 Ndb4 11. Be4 f5 12. Bxc6+ bxc6 13. Nf4 Ba6 14. Qe2+
Qe7 15. Qxe7+ Kxe7 16. O-O Nxd3 17. Nxd3 Bxd3 18. Re1+ Kf7 19. Be3 c4 20. Bc5
Bf6 21. f4 Rab8 22. Ba3 h5 23. h4 Rhe8 24. Kf2 Bd4+ 25. Kg2 c5 26. Rac1 Red8
27. Kf3 Rd7 28. Red1 Re7 29. Re1 Rbe8 30. Rxe7+ Rxe7 31. Kg2 Re3 32. Rd1 Ke6
33. Rd2 Re1 34. Kf3 Be3 35. Rg2 Bd4 36. Rd2 Be4+ 37. Nxe4 fxe4+ 38. Kg2 e3 39.
Rc2 Kd5 40. b4 cxb3 41. axb3 Rd1 42. Bc1 Ke4 43. Bxe3 Kxe3 44. Kh2 Rb1 45. Ra2
Rb2+ 0-1

[Event "Egypt Open 2016"]
[Site "Eastern Company Club"]
[Date "2016.04.25"]
[Round "5"]
[Board "49"]
[White "Tork, Mohamed"]
[Black "Elgohary, Fayrouz"]
[Result "1/2-1/2"]
[WhiteElo "2068"]
[BlackElo "1793"]
[PlyCount "75"]
[EventDate "2016.04.22"]
[EventRounds "9"]
[EventCountry "EGY"]

1. e4 d5 2. exd5 Nf6 3. d4 Bg4 4. f3 Bf5 5. c4 e6 6. dxe6 Bb4+ 7. Nc3 Qe7 8.
Be2 Bxe6 9. d5 Bf5 10. Bg5 O-O 11. a4 Bxc3+ 12. bxc3 Nbd7 13. Qd4 Rfe8 14. g4
Bg6 15. h4 h6 16. Bxf6 Nxf6 17. h5 Bc2 18. Kd2 Bh7 19. Rh2 Qd6 20. Rg2 c5 21.
Qf2 Qf4+ 22. Kd1 Re3 23. Rc1 Rae8 24. Nh3 Qe5 25. Kd2 b5 26. g5 hxg5 27. Nxg5
Bf5 28. f4 Qe4 29. Rcg1 Bg4 30. Bxg4 Nxg4 31. Qf1 Qf5 32. Qc1 Qxf4 33. Kc2 Qxc4
34. Qd2 Qa2+ 35. Kc1 Qa1+ 36. Kc2 Qa2+ 37. Kc1 Qa1+ 38. Kc2 1/2-1/2

[Event "Egypt Open 2016"]
[Site "Eastern Company Club"]
[Date "2016.04.25"]
[Round "5"]
[Board "52"]
[White "Khalil, Badr"]
[Black "Bakr Saiid, Mohamed"]
[Result "1-0"]
[WhiteElo "2046"]
[BlackElo "1778"]
[PlyCount "117"]
[EventDate "2016.04.22"]
[EventRounds "9"]
[EventCountry "EGY"]

1. d4 c5 2. d5 e6 3. e4 exd5 4. exd5 d6 5. Nc3 Nf6 6. Nf3 g6 7. h3 Bg7 8. Bd3
O-O 9. O-O a6 10. a4 Re8 11. Bf4 Nh5 12. Bh2 Qb6 13. Qc1 Nd7 14. a5 Qc7 15. g4
Nhf6 16. Qf4 Ne5 17. Nxe5 dxe5 18. Qc4 Bd7 19. f4 e4 20. f5 Qc8 21. Be2 gxf5
22. g5 Bb5 23. Qa2 Bxe2 24. Nxe2 Nd7 25. Kh1 Ne5 26. Qb3 Nf3 27. Rxf3 c4 28.
Qa3 exf3 29. Qxf3 Bxb2 30. Rd1 Be5 31. Bxe5 Rxe5 32. Nf4 Qe8 33. Kh2 Re3 34.
Qf2 Qe5 35. Kg1 Re8 36. Rf1 Qd4 37. Nh5 Kf8 38. Nf6 R8e7 39. Nxh7+ Kg7 40. Nf6
Rg3+ 41. Kh2 Qxf2+ 42. Rxf2 Rxg5 43. d6 Kxf6 44. dxe7 Kxe7 45. Rf4 c3 46. Rc4
f4 47. Rxc3 Kd6 48. Rb3 Rc5 49. Rb2 Kc6 50. h4 Rxa5 51. Kh3 Ra3+ 52. Rb3 Ra2
53. Rc3+ Kd5 54. h5 f5 55. h6 Ra1 56. Rd3+ Ke5 57. Kh2 Re1 58. Rd8 Re2+ 59. Kh3
 1-0

[Event "Egypt Open 2016"]
[Site "Eastern Company Club"]
[Date "2016.04.25"]
[Round "5"]
[Board "58"]
[White "Kamel, Mahmoud"]
[Black "Zenaidi, Kais"]
[Result "1-0"]
[WhiteElo "2223"]
[BlackElo "1894"]
[PlyCount "101"]
[EventDate "2016.04.22"]
[EventRounds "9"]
[EventCountry "EGY"]

1. e4 c5 2. Nf3 Nc6 3. d4 cxd4 4. Nxd4 e5 5. Nb5 d6 6. N5c3 b5 7. Nd5 Nce7 8.
c4 Nxd5 9. Qxd5 Be6 10. Qd2 Nf6 11. Na3 b4 12. Nc2 a5 13. f3 h6 14. Be2 Be7 15.
O-O O-O 16. Kh1 Nd7 17. Ne3 Nc5 18. Rd1 Qd7 19. Nd5 Bxd5 20. Qxd5 Qe6 21. Be3
Rac8 22. Rd2 Rfd8 23. Rad1 Qxd5 24. Rxd5 g6 25. g4 g5 26. Kg2 Kg7 27. Kf2 h5
28. gxh5 Rh8 29. Bxc5 Rxc5 30. Rxc5 dxc5 31. Rd7 Kf6 32. Ra7 Rxh5 33. Kg2 Rh8
34. Ra6+ Kg7 35. Rxa5 Rd8 36. Kf2 Rd2 37. b3 Rb2 38. Ke3 Bf8 39. h3 Be7 40. Ra8
Bd6 41. Rd8 Be7 42. Re8 Kf6 43. Ra8 Kg7 44. Kf2 Kf6 45. Kf1 Rb1+ 46. Kf2 Rb2
47. Ke1 Kg7 48. Ra6 Bf8 49. Bd3 Be7 50. Kd1 Bf8 51. Bc2 1-0

[Event "Egypt Open 2016"]
[Site "Eastern Company Club"]
[Date "2016.04.25"]
[Round "5"]
[Board "60"]
[White "M.Mahmoud, Mohamed"]
[Black "Shafek, Mohamed"]
[Result "1-0"]
[WhiteElo "1876"]
[BlackElo "2091"]
[PlyCount "45"]
[EventDate "2016.04.22"]
[EventRounds "9"]
[EventCountry "EGY"]

1. Nf3 Nf6 2. d4 g6 3. Nbd2 Bg7 4. e3 d6 5. Bd3 O-O 6. O-O c5 7. c3 Nc6 8. a3
a5 9. Ne4 Nxe4 10. Bxe4 Qc7 11. Bd2 e5 12. Rc1 Qb6 13. Bxc6 Qxc6 14. Re1 Bg4
15. e4 exd4 16. cxd4 Bxd4 17. Nxd4 Qc8 18. f3 Bd7 19. Ne2 a4 20. Bh6 Re8 21.
Qxd6 Re6 22. Qxc5 Rc6 23. Qe5 1-0

[Event "Egypt Open 2016"]
[Site "Eastern Company Club"]
[Date "2016.04.25"]
[Round "5"]
[Board "61"]
[White "Fekri, Wael"]
[Black "Abdallah, Wesam"]
[Result "1-0"]
[WhiteElo "2057"]
[BlackElo "1855"]
[PlyCount "69"]
[EventDate "2016.04.22"]
[EventRounds "9"]
[EventCountry "EGY"]

1. a3 e6 2. d4 d5 3. g4 Nf6 4. h3 c5 5. b4 cxb4 6. Bg2 Nc6 7. Nf3 Qc7 8. O-O
Bd6 9. axb4 Nxb4 10. c3 Nc6 11. Na3 Qe7 12. Nb5 Bd7 13. Nd2 h5 14. g5 Nh7 15.
f4 f5 16. c4 a6 17. cxd5 exd5 18. Bxd5 Qe3+ 19. Kg2 Qe7 20. Nc4 Bb8 21. Ba3 Nb4
22. Qd2 Bxb5 23. Bxb4 Qc7 24. Qe3+ Kd8 25. Ba5 Re8 26. Ne5 b6 27. Rac1 Qa7 28.
Bb4 Bxe5 29. dxe5 Rc8 30. Qd4 Bd7 31. e6 Nf8 32. Qxg7 Rxe6 33. Qxf8+ Be8 34.
Rxc8+ Kxc8 35. Bxe6+ 1-0

[Event "Egypt Open 2016"]
[Site "Eastern Company Club"]
[Date "2016.04.26"]
[Round "6"]
[Board "1"]
[White "Hesham, Abdelrahman"]
[Black "Adly, Ahmed"]
[Result "0-1"]
[WhiteElo "2390"]
[BlackElo "2601"]
[PlyCount "66"]
[EventDate "2016.04.22"]
[EventRounds "9"]
[EventCountry "EGY"]

1. d4 Nf6 2. c4 e6 3. Nf3 d5 4. Nc3 c6 5. e3 Nbd7 6. Bd3 dxc4 7. Bxc4 b5 8. Bd3
Bb7 9. a3 Bd6 10. O-O O-O 11. e4 e5 12. Ne2 Re8 13. Re1 Qc7 14. Ng3 exd4 15.
Nxd4 Rad8 16. b4 Be5 17. Be3 Nf8 18. Bf1 Bxd4 19. Bxd4 Ne6 20. Bb2 Rxd1 21.
Raxd1 Ng4 22. e5 Rd8 23. Rxd8+ Qxd8 24. Ne4 c5 25. h3 Bxe4 26. Rxe4 Nh6 27.
bxc5 Qd5 28. Rb4 a6 29. a4 Qxc5 30. Rb3 Qc2 31. Rb4 Qd2 32. Rb3 b4 33. a5 Nc5
 0-1

[Event "Egypt Open 2016"]
[Site "Eastern Company Club"]
[Date "2016.04.26"]
[Round "6"]
[Board "4"]
[White "Labib, Ibrahim Hasan"]
[Black "Yousry, Salah"]
[Result "1-0"]
[WhiteElo "2424"]
[BlackElo "2266"]
[PlyCount "50"]
[EventDate "2016.04.22"]
[EventRounds "9"]
[EventCountry "EGY"]

1. Nf3 d5 2. c4 c6 3. e3 e6 4. Nc3 Bd6 5. Qc2 Nf6 6. b3 Nbd7 7. Bb2 Qe7 8. h3
Ba3 9. Bxa3 Qxa3 10. d4 O-O 11. Bd3 h6 12. O-O Qe7 13. e4 dxe4 14. Bxe4 Nxe4
15. Nxe4 e5 16. c5 exd4 17. Nxd4 Qe5 18. Rad1 f5 19. Qc4+ Kh7 20. Nd6 b5 21.
Qe6 Qxc5 22. Nxc8 Raxc8 23. Qxd7 Qb6 24. Ne6 Rg8 25. Rd6 Qd8 1-0

[Event "Egypt Open 2016"]
[Site "Eastern Company Club"]
[Date "2016.04.26"]
[Round "6"]
[Board "5"]
[White "Abdel Razik, Khaled"]
[Black "Yasseen, Aly"]
[Result "1-0"]
[WhiteElo "2392"]
[BlackElo "2265"]
[PlyCount "141"]
[EventDate "2016.04.22"]
[EventRounds "9"]
[EventCountry "EGY"]

1. d4 Nf6 2. c4 e6 3. Nc3 c5 4. d5 exd5 5. cxd5 d6 6. e4 g6 7. h3 Bg7 8. Nf3
O-O 9. Bd3 Na6 10. O-O Nc7 11. Re1 Rb8 12. Bf4 b5 13. a3 a5 14. b4 axb4 15.
axb4 Nh5 16. Bg5 Bf6 17. Bxf6 Qxf6 18. e5 dxe5 19. bxc5 Nf4 20. d6 Nce6 21.
Rxe5 Nxc5 22. Rxc5 Qxd6 23. Rxb5 Bxh3 24. gxh3 Qxd3 25. Qxd3 Nxd3 26. Rxb8 Rxb8
27. Ne2 Rb2 28. Kf1 h6 29. Rd1 Nc5 30. Ne5 Rb7 31. Rd5 Ne6 32. Nd3 Rb3 33. Rd7
Rb1+ 34. Kg2 Rd1 35. h4 g5 36. hxg5 hxg5 37. Kf3 Kg7 38. Ke3 Kf6 39. Nc3 Ra1
40. Ne4+ Kg6 41. Ne5+ Kf5 42. Nd3 Kg6 43. Rd6 Ra3 44. Nec5 Kf5 45. Rd5+ Kg6 46.
Nxe6 fxe6 47. Rb5 Kf6 48. Ke4 Ra4+ 49. Rb4 Ra2 50. Kd4 Rd2 51. Rb8 Ra2 52. Rf8+
Ke7 53. Rh8 Ra4+ 54. Ke3 Ra3 55. Rh6 Kf7 56. Ke2 Ra2+ 57. Kf1 Ra5 58. Kg2 Rd5
59. Ne1 Ra5 60. Nf3 Rd5 61. Kg3 Rf5 62. Kg2 e5 63. Kg3 e4 64. Nh2 Ra5 65. Ng4
Ra3+ 66. Kg2 Ra2 67. Rf6+ Kg7 68. Re6 Ra4 69. Kf1 Kf7 70. Re5 Kg6 71. Ke2 1-0

[Event "Egypt Open 2016"]
[Site "Eastern Company Club"]
[Date "2016.04.26"]
[Round "7"]
[Board "1"]
[White "Adly, Ahmed"]
[Black "Labib, Ibrahim Hasan"]
[Result "1-0"]
[WhiteElo "2601"]
[BlackElo "2424"]
[PlyCount "89"]
[EventDate "2016.04.22"]
[EventRounds "9"]
[EventCountry "EGY"]

1. d4 Nf6 2. c4 e6 3. Nc3 Bb4 4. e3 O-O 5. Nge2 Re8 6. a3 Bf8 7. g3 d5 8. cxd5
exd5 9. Bg2 c6 10. O-O Na6 11. Nf4 Nc7 12. f3 c5 13. g4 h6 14. Rf2 Bd6 15. Bf1
cxd4 16. exd4 Ne6 17. Nxe6 Rxe6 18. Bd3 Bd7 19. Kh1 Qc7 20. g5 Rae8 21. Qg1
hxg5 22. Bxg5 Nh7 23. Bd2 Bf8 24. Nxd5 Qd6 25. Nf4 Rf6 26. Nh5 Rxf3 27. Rxf3
Qd5 28. Bxh7+ Kxh7 29. Nf6+ gxf6 30. Qg2 Bh6 31. Bxh6 Rg8 32. Bg7 Qh5 33. Rxf6
Rxg7 34. Qe4+ Kg8 35. d5 Bh3 36. Rf2 Rg4 37. Qf3 Kf8 38. Rc1 Rg5 39. Qxh5 Rxh5
40. Rc7 Rxd5 41. Rfxf7+ Ke8 42. Rg7 Be6 43. Kg1 Rd1+ 44. Kf2 Rd2+ 45. Ke3 1-0

[Event "Egypt Open 2016"]
[Site "Eastern Company Club"]
[Date "2016.04.26"]
[Round "7"]
[Board "2"]
[White "Hassan, Sayed Barakat"]
[Black "Abdel Razik, Khaled"]
[Result "1/2-1/2"]
[WhiteElo "2316"]
[BlackElo "2392"]
[PlyCount "21"]
[EventDate "2016.04.22"]
[EventRounds "9"]
[EventCountry "EGY"]

1. e4 e6 2. d4 d5 3. exd5 exd5 4. Nf3 Nf6 5. Bd3 Be7 6. O-O O-O 7. h3 Re8 8.
Re1 Bf8 9. Rxe8 Qxe8 10. Qe1 Qxe1+ 11. Nxe1 1/2-1/2

[Event "Egypt Open 2016"]
[Site "Eastern Company Club"]
[Date "2016.04.26"]
[Round "7"]
[Board "3"]
[White "Ezat, Mohamed"]
[Black "Gabr, Mohsen"]
[Result "0-1"]
[WhiteElo "2467"]
[BlackElo "2225"]
[PlyCount "81"]
[EventDate "2016.04.22"]
[EventRounds "9"]
[EventCountry "EGY"]

1. d4 d5 2. c4 e6 3. Nc3 Nf6 4. cxd5 exd5 5. Bg5 Be7 6. e3 O-O 7. Bd3 Nbd7 8.
Nge2 c6 9. Qc2 Re8 10. O-O Nf8 11. f3 g6 12. Kh1 Ne6 13. Bh4 Ng7 14. e4 dxe4
15. fxe4 Ng4 16. Bxe7 Qxe7 17. Qd2 f5 18. h3 Nf6 19. Ng3 Nfh5 20. Nxh5 Nxh5 21.
Kg1 Ng3 22. Rfe1 Qd6 23. Bc4+ Be6 24. e5 Qd7 25. d5 Nh5 26. g4 fxg4 27. hxg4
cxd5 28. Bb5 Qe7 29. Bxe8 Bxg4 30. Ba4 Qh4 31. Qf2 Qg5 32. Qe3 Nf4 33. Qg3 Nh5
34. Qe3 Nf4 35. Rf1 Nh3+ 36. Kh2 Qxe3 37. Rae1 Qd2+ 38. Kg3 Qg5 39. Kh2 Nf4 40.
Rh1 Qd8 41. Ra1 0-1

[Event "Egypt Open 2016"]
[Site "Eastern Company Club"]
[Date "2016.04.26"]
[Round "7"]
[Board "4"]
[White "Ragheb, Malak"]
[Black "Petrov, Marian"]
[Result "0-1"]
[WhiteElo "2226"]
[BlackElo "2447"]
[PlyCount "124"]
[EventDate "2016.04.22"]
[EventRounds "9"]
[EventCountry "EGY"]

1. d4 c5 2. d5 g6 3. e4 d6 4. Bd2 Bg7 5. Bc3 Nf6 6. Be2 O-O 7. Nd2 e6 8. dxe6
fxe6 9. Ngf3 d5 10. Bxf6 Bxf6 11. c3 Nc6 12. O-O a6 13. a4 b6 14. Re1 Bb7 15.
Bf1 Qc7 16. g3 d4 17. Qb3 Rae8 18. Bh3 Na5 19. Qc2 e5 20. Rac1 Qd6 21. Qb1 Bg7
22. b4 dxc3 23. Rxc3 cxb4 24. Rd3 Qf6 25. Qxb4 Rd8 26. Rxd8 Rxd8 27. Rb1 Bh6
28. Bg2 Bxd2 29. Nxd2 Rd4 30. Qb2 Qd6 31. Nf3 Bxe4 32. Nxd4 Bxb1 33. Qxb1 exd4
34. Qd3 Kg7 35. Bf1 Nb7 36. Qxa6 Nc5 37. Qa7+ Kh6 38. h4 d3 39. g4 Nd7 40. g5+
Kg7 41. Bxd3 Qxd3 42. a5 Qd1+ 43. Kh2 bxa5 44. Qxa5 Qd4 45. Kh3 Qxf2 46. Qc3+
Kf7 47. Qc4+ Ke7 48. Qe4+ Kd6 49. Qd3+ Ke6 50. Qc4+ Kd6 51. Qd3+ Kc7 52. Qc3+
Qc5 53. Qg7 Qf5+ 54. Kg2 Qg4+ 55. Kf1 Qxh4 56. Qc3+ Kd8 57. Qa5+ Ke7 58. Qa3+
Ke6 59. Qb3+ Kd6 60. Qd3+ Kc6 61. Qf3+ Kb5 62. Qd3+ Qc4 0-1

[Event "Egypt Open 2016"]
[Site "Eastern Company Club"]
[Date "2016.04.26"]
[Round "7"]
[Board "5"]
[White "Ameir, Moheb"]
[Black "Nyazi, Nehad"]
[Result "1-0"]
[WhiteElo "2430"]
[BlackElo "2242"]
[PlyCount "157"]
[EventDate "2016.04.22"]
[EventRounds "9"]
[EventCountry "EGY"]

1. c4 Nf6 2. g3 g6 3. Bg2 Bg7 4. Nc3 O-O 5. e4 d6 6. Nge2 c5 7. d4 Nc6 8. d5
Ne5 9. b3 Bg4 10. O-O Bf3 11. Bb2 Qd7 12. h3 h5 13. Qc2 Nh7 14. Bc1 a6 15. Bf4
b5 16. Bxe5 Bxg2 17. Kxg2 Bxe5 18. f4 Bg7 19. Rab1 f5 20. Qd3 b4 21. Na4 fxe4
22. Qxe4 Qf5 23. Qxf5 gxf5 24. Rbd1 Nf6 25. Rfe1 Kf7 26. Ng1 Rg8 27. Nf3 Bh6
28. Nh4 Bxf4 29. Nxf5 Rxg3+ 30. Nxg3 Rg8 31. Kf3 Bxg3 32. Rg1 h4 33. Nb2 Rg5
34. Nd3 Ke8 35. Ke3 Nh5 36. Rdf1 Ng7 37. Ke4 Nh5 38. Ke3 Ng7 39. Ke4 Nh5 40.
Rf3 Nf6+ 41. Ke3 Nh7 42. Rgf1 Rg8 43. Rf5 Ng5 44. Nf4 Kd7 45. Rh1 a5 46. Rf1
Bh2 47. Kd3 Bg3 48. Kc2 Bh2 49. Kd3 Bg3 50. Rh1 Ke8 51. Ra1 Kd7 52. Rc1 Bh2 53.
Rc2 Bg3 54. Re2 Bxf4 55. Rxf4 Nxh3 56. Rxh4 Ng1 57. Rf2 Rg3+ 58. Ke4 Nh3 59.
Rf8 Ng5+ 60. Kf5 Nf3 61. Kf4 Rg1 62. Rhh8 Nd4 63. Ra8 Rf1+ 64. Kg3 Nf5+ 65. Kg2
Ne3+ 66. Kg3 Nf5+ 67. Kh2 Kc7 68. Rxa5 Rf2+ 69. Kg1 Re2 70. Kf1 Ng3+ 71. Kg1
Nf5 72. Ra7+ Kb6 73. Rd7 Nd4 74. Kf1 Re3 75. Rc8 Rf3+ 76. Kg2 Re3 77. Rb8+ Ka6
78. Ra8+ Kb6 79. Raa7 {Kb7 Rdxb7} 1-0

[Event "Egypt Open 2016"]
[Site "Eastern Company Club"]
[Date "2016.04.26"]
[Round "7"]
[Board "6"]
[White "Nader, Mohamed"]
[Black "Hesham, Abdelrahman"]
[Result "1/2-1/2"]
[WhiteElo "2152"]
[BlackElo "2390"]
[PlyCount "153"]
[EventDate "2016.04.22"]
[EventRounds "9"]
[EventCountry "EGY"]

1. d4 d5 2. Nf3 Nf6 3. e3 e6 4. Bd3 Bd6 5. Nbd2 Nbd7 6. O-O O-O 7. Re1 e5 8. e4
h6 9. c4 dxe4 10. Nxe4 Nxe4 11. Bxe4 exd4 12. Nxd4 Nf6 13. Bf3 c6 14. Be3 Qc7
15. h3 Bh2+ 16. Kh1 Bf4 17. Qd2 Bxe3 18. Rxe3 Qf4 19. Rd1 Bd7 20. b3 Rad8 21.
Ne2 Qh4 22. Rd3 Qxf2 23. Rd4 Rfe8 24. Nc3 Qxd2 25. R1xd2 Re7 26. Ne4 Nxe4 27.
Bxe4 Kf8 28. b4 Ke8 29. c5 Rc8 30. Kg1 Be6 31. b5 Rd7 32. bxc6 bxc6 33. a3 Rxd4
34. Rxd4 Ke7 35. Rd6 Bd5 36. Bxd5 cxd5 37. Ra6 Rxc5 38. Rxa7+ Ke6 39. Kf2 Rc2+
40. Kf3 Rc3+ 41. Kf2 h5 42. h4 g6 43. a4 Rc4 44. g3 d4 45. a5 Rc2+ 46. Kf3 Rc3+
47. Kf4 d3 48. Ra8 Rc7 49. Rd8 Rc3 50. a6 Ra3 51. a7 Ra4+ 52. Kf3 Rxa7 53. Rxd3
Ra5 54. Rd4 Rf5+ 55. Ke3 Kf6 56. Ra4 Kg7 57. Rb4 Rf1 58. Ra4 Rf5 59. Rb4 g5 60.
hxg5 Kg6 61. Rb8 Kxg5 62. Rg8+ Kf6 63. g4 hxg4 64. Rxg4 Ra5 65. Rb4 Kg5 66. Kf3
Ra3+ 67. Kf2 Ra2+ 68. Kf3 Ra3+ 69. Kf2 f5 70. Rc4 Rh3 71. Kg2 Rb3 72. Kf2 Kf6
73. Ra4 Rh3 74. Kg2 Rd3 75. Kf2 Rb3 76. Rc4 f4 77. Rc8 1/2-1/2

[Event "Egypt Open 2016"]
[Site "Eastern Company Club"]
[Date "2016.04.26"]
[Round "7"]
[Board "7"]
[White "Wageih, Kareim"]
[Black "Abdel Fadil, Mohamed"]
[Result "0-1"]
[WhiteElo "2336"]
[BlackElo "2217"]
[PlyCount "73"]
[EventDate "2016.04.22"]
[EventRounds "9"]
[EventCountry "EGY"]

1. d4 Nf6 2. Nf3 d6 3. c4 Nbd7 4. Nc3 c6 5. g3 e5 6. Bg2 Be7 7. O-O O-O 8. Rb1
a5 9. a3 Re8 10. b4 axb4 11. axb4 Bf8 12. Qb3 Nb6 13. e4 Be6 14. d5 cxd5 15.
cxd5 Bd7 16. Bd2 Na4 17. Rfe1 Nxc3 18. Qxc3 Bg4 19. Bf1 Qc8 20. Qd3 Bh3 21. Be2
h6 22. Be3 Qd7 23. Nd2 Be7 24. f3 Rec8 25. Nc4 Bd8 26. Rec1 Ne8 27. Rc3 f5 28.
Rbc1 fxe4 29. fxe4 Nf6 30. Bf3 Ng4 31. Nb6 Bxb6 32. Bxb6 Rxc3 33. Qxc3 Qb5 34.
Bc7 Ra2 35. Bxd6 Nxh2 36. Bc5 Nxf3+ 37. Qxf3 0-1